[Event "XXV Memorial Edoardo Crespi A"]
[Site "Milano ITA"]
[Date "2004.12.06"]
[Round "4"]
[White "Cazzaniga, Walter"]
[Black "Bosi, Clint"]
[Result "1-0"]
[WhiteElo "2077"]
[BlackElo "1990"]
[PlyCount "65"]
[EventDate "2004.12.04"]

1. d4 Nf6 2. c4 g6 3. Nc3 Bg7 4. e4 d6 5. Nf3 O-O 6. Be2 e5 7. d5 Nbd7 8. Bg5
h6 9. Bh4 g5 10. Bg3 Nc5 11. Nd2 Nh7 12. b4 Na6 13. Rb1 f5 14. f3 Nb8 15. O-O
f4 16. Bf2 Nd7 17. c5 Ndf6 18. Rc1 Bd7 19. cxd6 cxd6 20. Nc4 Qe7 21. Na5 h5 22.
Nb5 Bxb5 23. Bxb5 g4 24. Qb3 gxf3 25. gxf3 a6 26. Be2 Rac8 27. Rc3 Ng5 28. Kh1
Kh8 29. Bh4 Bh6 30. Rfc1 Qd7 31. Bf1 Nfh7 32. Qc2 Rg8 33. Rxc8 1-0

[Event "XXV Memorial Edoardo Crespi A"]
[Site "Milano ITA"]
[Date "2004.12.06"]
[Round "4"]
[White "D'Apa, Matteo"]
[Black "Giretti Kanev, Jasen"]
[Result "0-1"]
[WhiteElo "1973"]
[BlackElo "2182"]
[PlyCount "70"]
[EventDate "2004.12.04"]

1. d4 Nf6 2. c4 e6 3. Nc3 Bb4 4. e3 O-O 5. Bd3 d5 6. Nf3 Nbd7 7. O-O c5 8. a3
Bxc3 9. bxc3 Qc7 10. Qc2 Re8 11. cxd5 c4 12. dxe6 cxd3 13. exf7+ Kxf7 14. Qb3+
Kf8 15. a4 g6 16. Ba3+ Kg7 17. c4 b6 18. Qxd3 Ba6 19. Rac1 Rac8 20. Nd2 Ng4 21.
g3 Rcd8 22. Qe2 h5 23. e4 Ndf6 24. e5 Nxe5 25. dxe5 Rxe5 26. Qd1 Ne4 27. Rc2
Kh7 28. Qc1 Ng5 29. Rc3 Bb7 30. f3 Re2 31. Rc2 Rexd2 32. Rxd2 Bxf3 33. Rxf3
Nxf3+ 34. Kf1 Rxd2 35. Qc3 Qf7 0-1

[Event "XXV Memorial Edoardo Crespi A"]
[Site "Milano ITA"]
[Date "2004.12.06"]
[Round "4"]
[White "Damia, Angelo"]
[Black "Aranovitch, Emiliano"]
[Result "0-1"]
[WhiteElo "2118"]
[BlackElo "2304"]
[PlyCount "87"]
[EventDate "2004.12.04"]

1. e4 c5 2. Nf3 d6 3. d4 cxd4 4. Nxd4 Nf6 5. Nc3 Nc6 6. Bg5 e6 7. Qd2 Nxd4 8.
Qxd4 Be7 9. O-O-O O-O 10. f4 Qa5 11. e5 dxe5 12. Qxe5 Qxe5 13. fxe5 Nd5 14.
Bxe7 Nxe7 15. Bd3 Rb8 16. Be4 b5 17. Rd6 b4 18. Nd1 Bb7 19. Re1 a5 20. Bxb7
Rxb7 21. Ra6 Rb5 22. Nf2 Rc8 23. Nd3 Rd5 24. Rd6 g5 25. Rxd5 Nxd5 26. Re4 Kg7
27. Kd2 Kg6 28. g4 h5 29. gxh5+ Kxh5 30. a3 bxa3 31. bxa3 Kg6 32. c4 Kf5 33.
Rd4 Nf4 34. Rd7 Ke4 35. Ne1 Rxc4 36. Rxf7 Ra4 37. Rg7 Kf5 38. Nf3 Rxa3 39.
Rxg5+ Ke4 40. Ne1 Rh3 41. Nc2 Rxh2+ 42. Kc3 Nd5+ 43. Kb3 a4+ 44. Kb2 0-1

[Event "XXV Memorial Edoardo Crespi A"]
[Site "Milano ITA"]
[Date "2004.12.06"]
[Round "4"]
[White "Dassisti, Alberto"]
[Black "Milan, Paolo"]
[Result "1-0"]
[WhiteElo "2067"]
[BlackElo "1928"]
[PlyCount "49"]
[EventDate "2004.12.04"]

1. e4 d6 2. Nc3 g6 3. d3 Nf6 4. g3 Bg7 5. Bg2 c6 6. Bg5 O-O 7. Qd2 Na6 8. h3 e5
9. Bh6 Bxh6 10. Qxh6 Nb4 11. Qd2 a5 12. a3 Na6 13. Nf3 b5 14. Ne2 Bb7 15. O-O
Qc7 16. g4 d5 17. Ng3 dxe4 18. Nxe4 Nxe4 19. dxe4 Rad8 20. Qh6 c5 21. Ng5 f5
22. Ne6 Qf7 23. Nxd8 Rxd8 24. gxf5 gxf5 25. Qg5+ 1-0

[Event "XXV Memorial Edoardo Crespi A"]
[Site "Milano ITA"]
[Date "2004.12.06"]
[Round "4"]
[White "Di Donato, Giovanni"]
[Black "Contin, Daniel"]
[Result "0-1"]
[WhiteElo "2142"]
[BlackElo "2358"]
[PlyCount "52"]
[EventDate "2004.12.04"]

1. e4 e6 2. d4 d5 3. e5 c5 4. c3 Bd7 5. Nf3 Qb6 6. Bd3 Bb5 7. O-O Bxd3 8. Qxd3
Qa6 9. Qd1 Nd7 10. Be3 Rc8 11. a3 Ne7 12. Nbd2 Nf5 13. g4 Nxe3 14. fxe3 Qd3 15.
e4 cxd4 16. exd5 dxc3 17. dxe6 fxe6 18. bxc3 Rxc3 19. Kg2 Be7 20. Ne1 Qh3+ 21.
Kh1 Nxe5 22. Qa4+ Nc6 23. Ng2 Qd3 24. Ra2 Rf8 25. Rxf8+ Bxf8 26. Qf4 Rc1+ 0-1

[Event "XXV Memorial Edoardo Crespi A"]
[Site "Milano ITA"]
[Date "2004.12.06"]
[Round "4"]
[White "Di Lascio, Savino"]
[Black "Mazzini, Antonio"]
[Result "1-0"]
[WhiteElo "2000"]
[BlackElo "2139"]
[PlyCount "111"]
[EventDate "2004.12.04"]

1. Nf3 c5 2. g3 d5 3. Bg2 Nc6 4. O-O e5 5. d3 Bd6 6. Nbd2 Nge7 7. e4 d4 8. Nc4
f6 9. a4 Be6 10. Nfd2 Bc7 11. Qh5+ g6 12. Qe2 Qd7 13. a5 O-O-O 14. Rd1 Nb8 15.
Nb3 Na6 16. Bf1 g5 17. c3 h5 18. cxd4 cxd4 19. Bd2 h4 20. Rdc1 Kb8 21. Rc2 hxg3
22. fxg3 Rh6 23. Be1 Bg4 24. Qd2 Rdh8 25. Qc1 Nc6 26. Rf2 Nd8 27. Qc2 Qb5 28.
Rc1 Be6 29. Bd2 Nc6 30. Be2 Bd8 31. Rcf1 Be7 32. h4 Ncb4 33. Qd1 R6h7 34. h5 g4
35. h6 Rg8 36. Rxf6 Bxf6 37. Rxf6 Bxc4 38. dxc4 Qd7 39. Rf5 Qe6 40. Rxe5 Rxh6
41. Nxd4 Qf6 42. Bxh6 Qxh6 43. Nf5 Qg5 44. Rb5 Nc6 45. Qd7 Nc7 46. Qxc6 Nxb5
47. Qxb5 a6 48. Qd5 Rd8 49. Qe5+ Ka8 50. Qf4 Qf6 51. e5 Qc6 52. Nd6 Qc5+ 53.
Kg2 Qxa5 54. Qe4 Qb6 55. c5 Qb3 56. c6 1-0

[Event "XXV Memorial Edoardo Crespi A"]
[Site "Milano ITA"]
[Date "2004.12.06"]
[Round "4"]
[White "Dragojlovic, Andjelko"]
[Black "Pepe, Mario"]
[Result "1-0"]
[WhiteElo "2298"]
[BlackElo "2151"]
[PlyCount "143"]
[EventDate "2004.12.04"]

1. e4 Nf6 2. Nc3 d5 3. e5 d4 4. exf6 dxc3 5. fxg7 cxd2+ 6. Qxd2 Qxd2+ 7. Bxd2
Bxg7 8. O-O-O Nc6 9. Bb5 Bd7 10. Ne2 O-O-O 11. Bc3 Bxc3 12. Nxc3 Ne5 13. Rhe1
Ng6 14. Bd3 e6 15. g3 Ne7 16. f4 h5 17. Re5 Rde8 18. Ne4 Nd5 19. c4 f6 20. Rxd5
exd5 21. Nxf6 Ref8 22. Nxd5 Rf7 23. Bg6 Rg7 24. f5 Rh6 25. Nf4 c6 26. h3 Kc7
27. Re1 Kd6 28. Kd2 Rg8 29. b4 b6 30. Ke3 Bxf5 31. Bxf5 Rxg3+ 32. Kf2 Rc3 33.
Ng6 Rxc4 34. Re6+ Kc7 35. Re7+ Kb8 36. Ke3 Rxb4 37. Rg7 Rc4 38. Be6 Rc5 39. Kf4
h4 40. Bg4 Ra5 41. Bf3 Rc5 42. Kg4 Rhh5 43. Ne7 Rh6 44. Ng6 Rhh5 45. Nxh4 Rhe5
46. Kf4 Re8 47. Nf5 Rf8 48. Bg4 Ra5 49. h4 c5 50. Bf3 c4 51. Be4 Rxa2 52. h5 c3
53. h6 Rh2 54. Rb7+ Kc8 55. Rxa7 Rxf5+ 56. Bxf5+ Kb8 57. Ra3 Rxh6 58. Rxc3 Rd6
59. Ke5 Rd2 60. Be4 Rd8 61. Bd5 Rd7 62. Ke6 Rc7 63. Rb3 Rh7 64. Rxb6+ Ka7 65.
Rb2 Rh6+ 66. Ke5 Rh5+ 67. Kd6 Rh3 68. Bc6 Ra3 69. Kc7 Ka6 70. Rb5 Rg3 71. Rb4
Ka5 72. Ra4# 1-0

[Event "XXV Memorial Edoardo Crespi A"]
[Site "Milano ITA"]
[Date "2004.12.06"]
[Round "4"]
[White "Fezza, Davide"]
[Black "Bernago, Federico"]
[Result "1-0"]
[WhiteElo "2083"]
[BlackElo "1999"]
[PlyCount "45"]
[EventDate "2004.12.04"]

1. e4 c5 2. Nf3 e6 3. d4 cxd4 4. Nxd4 a6 5. Be3 Nf6 6. Nc3 Bb4 7. Bd3 d5 8. e5
Ne4 9. Bxe4 dxe4 10. Qg4 Bxc3+ 11. bxc3 Qc7 12. Qxg7 Qxc3+ 13. Kf1 Qxa1+ 14.
Ke2 Qxh1 15. Qxh8+ Kd7 16. Qg7 Kc7 17. Qf8 Bd7 18. Qd6+ Kc8 19. Nxe6 Bxe6 20.
Bb6 Bc4+ 21. Kd2 e3+ 22. fxe3 Qxg2+ 23. Kc3 1-0

[Event "XXV Memorial Edoardo Crespi A"]
[Site "Milano ITA"]
[Date "2004.12.06"]
[Round "4"]
[White "Guanciale, Orazio"]
[Black "Giancotti, Eraldo"]
[Result "1-0"]
[WhiteElo "2105"]
[BlackElo "2093"]
[PlyCount "71"]
[EventDate "2004.12.04"]

1. e4 c6 2. d4 g6 3. Nc3 d5 4. h3 dxe4 5. Nxe4 Bg7 6. Nf3 Nd7 7. Bc4 Ndf6 8.
Neg5 Nh6 9. O-O O-O 10. Bb3 Nf5 11. Ne5 e6 12. Ngf3 Qe7 13. Bf4 Nd5 14. Bh2 Rd8
15. g4 Nd6 16. c4 Nf6 17. Qe2 Nd7 18. Nd3 b6 19. c5 Nb5 20. Nb4 Nb8 21. Bxb8
Bd7 22. Be5 f6 23. Bg3 bxc5 24. dxc5 a5 25. Nd3 Kh8 26. a4 Na7 27. Bd6 Qe8 28.
Bc7 Rdc8 29. Bxa5 e5 30. Nd2 Rcb8 31. Bc7 Rb7 32. Bb6 Nc8 33. a5 f5 34. a6 Rbb8
35. Bc7 Rb5 36. Bxe5 1-0

[Event "XXV Memorial Edoardo Crespi A"]
[Site "Milano ITA"]
[Date "2004.12.06"]
[Round "4"]
[White "Kidane, Robel"]
[Black "Facchetti, Gianni"]
[Result "1/2-1/2"]
[WhiteElo "2095"]
[BlackElo "2203"]
[PlyCount "67"]
[EventDate "2004.12.04"]

1. e4 e5 2. Nf3 Nc6 3. Bb5 Bc5 4. O-O Nd4 5. Nxd4 Bxd4 6. c3 Bb6 7. d4 c6 8.
Ba4 d6 9. Be3 Nf6 10. f3 O-O 11. Qe2 Qe7 12. Nd2 d5 13. dxe5 Qxe5 14. Bc2 Bxe3+
15. Qxe3 dxe4 16. Nxe4 Nxe4 17. Qxe4 Qxe4 18. Bxe4 Be6 19. b3 Rfd8 20. Rfd1 f5
21. Bc2 c5 22. Kf2 g5 23. f4 h6 24. Rxd8+ Rxd8 25. Rd1 Rxd1 26. Bxd1 Kg7 27. g3
g4 28. Ke3 Kf6 29. a3 Ke7 30. c4 a5 31. a4 Bd7 32. Bc2 Ke6 33. Bd1 Bc6 34. Kd2
1/2-1/2

[Event "XXV Memorial Edoardo Crespi A"]
[Site "Milano ITA"]
[Date "2004.12.06"]
[Round "4"]
[White "Martinez, Rolly"]
[Black "Gabetto, Flaviano"]
[Result "1-0"]
[WhiteElo "2360"]
[BlackElo "2128"]
[PlyCount "81"]
[EventDate "2004.12.04"]

1. e4 e6 2. d4 d5 3. Nd2 Be7 4. Ngf3 Nf6 5. Bd3 c5 6. e5 Nfd7 7. c3 Nc6 8. O-O
Qb6 9. dxc5 Nxc5 10. Bc2 a5 11. Nb3 Nd7 12. Re1 Qc7 13. Bf4 b6 14. Nbd4 Ba6 15.
Ba4 Nxd4 16. cxd4 b5 17. Rc1 Qd8 18. Bc2 g5 19. Be3 Nb6 20. b3 g4 21. Nd2 Ba3
22. Rb1 h5 23. Bd3 Qc8 24. Qe2 b4 25. Nf1 Bxd3 26. Qxd3 Qa6 27. Qd1 Rc8 28. Bc1
Bxc1 29. Rxc1 Kd7 30. Qd2 Rxc1 31. Rxc1 Rc8 32. Rxc8 Nxc8 33. Ng3 Ne7 34. Nxh5
Nc6 35. Nf6+ Kc8 36. Nxg4 Qb6 37. h4 Nxd4 38. h5 Nf5 39. h6 Ne7 40. h7 Ng6 41.
Qc2+ 1-0

[Event "XXV Memorial Edoardo Crespi A"]
[Site "Milano ITA"]
[Date "2004.12.06"]
[Round "4"]
[White "Nannelli, Paolo"]
[Black "Barlocco, Carlo"]
[Result "1/2-1/2"]
[WhiteElo "2185"]
[BlackElo "2108"]
[PlyCount "31"]
[EventDate "2004.12.04"]

1. Nf3 g6 2. c4 Bg7 3. Nc3 Nc6 4. g3 e5 5. Bg2 d6 6. d3 Nge7 7. O-O O-O 8. Rb1
a5 9. a3 Bd7 10. b4 axb4 11. axb4 Nd4 12. e3 Nxf3+ 13. Bxf3 Bc6 14. Nd5 Nxd5
15. Bxd5 Bxd5 16. cxd5 1/2-1/2

[Event "XXV Memorial Edoardo Crespi A"]
[Site "Milano ITA"]
[Date "2004.12.06"]
[Round "4"]
[White "Nardelli, Marco"]
[Black "Profumo, Alberto"]
[Result "1/2-1/2"]
[WhiteElo "1999"]
[BlackElo "2238"]
[PlyCount "67"]
[EventDate "2004.12.04"]

1. c4 Nf6 2. Nc3 g6 3. g3 Bg7 4. Bg2 O-O 5. d4 d6 6. e4 c5 7. dxc5 dxc5 8. Qxd8
Rxd8 9. e5 Ne8 10. f4 Na6 11. a3 Nec7 12. Nge2 Rb8 13. Nb5 Nxb5 14. cxb5 Nc7
15. Nc3 Be6 16. Be3 b6 17. Bf3 f6 18. exf6 Bxf6 19. Be2 Nd5 20. Bd2 Rd7 21.
O-O-O Nxc3 22. Bxc3 Rbd8 23. Rxd7 Rxd7 24. Rd1 Rxd1+ 25. Kxd1 Kf7 26. Kd2 Bd5
27. Ke3 Ke6 28. Bd3 Bxc3 29. bxc3 Kf6 30. g4 h6 31. h4 g5 32. fxg5+ hxg5 33. h5
Be6 34. Be2 1/2-1/2

[Event "XXV Memorial Edoardo Crespi A"]
[Site "Milano ITA"]
[Date "2004.12.06"]
[Round "4"]
[White "Petrini, Roberto"]
[Black "Ciciotti, Augusto"]
[Result "1/2-1/2"]
[WhiteElo "2074"]
[BlackElo "1925"]
[PlyCount "43"]
[EventDate "2004.12.04"]

1. d4 Nf6 2. Nf3 g6 3. c4 d5 4. cxd5 Bg7 5. Qa4+ c6 6. dxc6 Nxc6 7. e3 O-O 8.
Be2 Re8 9. O-O e5 10. dxe5 Nxe5 11. Nxe5 Rxe5 12. Rd1 Qc7 13. Nc3 Bd7 14. Qf4
Bc6 15. Bf3 Bxf3 16. Qxf3 Rf5 17. Qe2 Re8 18. g3 a6 19. e4 Qc6 20. Qd3 Nxe4 21.
Nxe4 Rxe4 22. Qxe4 1/2-1/2

[Event "XXV Memorial Edoardo Crespi A"]
[Site "Milano ITA"]
[Date "2004.12.06"]
[Round "4"]
[White "Rezzonico, Paolo"]
[Black "Pace, Pietro Dario"]
[Result "1/2-1/2"]
[WhiteElo "2000"]
[BlackElo "2130"]
[PlyCount "127"]
[EventDate "2004.12.04"]

1. e4 e5 2. Nf3 Nc6 3. Nc3 Nf6 4. d4 exd4 5. Nxd4 Bb4 6. Nxc6 bxc6 7. Bd3 d5 8.
exd5 cxd5 9. O-O O-O 10. Bg5 c6 11. Na4 h6 12. Bh4 Be7 13. c4 Be6 14. cxd5 cxd5
15. Rc1 Rb8 16. b3 Qa5 17. Qe2 Rfe8 18. Bg3 Rbc8 19. Bb5 Ba3 20. Rxc8 Rxc8 21.
Ba6 Rd8 22. Be5 Ng4 23. Bc3 Qc7 24. g3 d4 25. Bb2 Be7 26. Rc1 Qa5 27. Bc4 Qh5
28. h4 Qf5 29. Bxe6 fxe6 30. Rd1 e5 31. Bc1 Kh7 32. f3 Nf6 33. Kg2 Rc8 34. g4
Qc2 35. Bd2 Qxa2 36. g5 Nd7 37. Qd3+ Kh8 38. gxh6 Qc2 39. hxg7+ Kxg7 40. Qxc2
Rxc2 41. Kh3 Kf7 42. Bg5 Bd6 43. Kg4 Nf6+ 44. Bxf6 Kxf6 45. f4 exf4 46. Rxd4
Rg2+ 47. Kf3 Rg3+ 48. Ke2 Ke5 49. Rd3 Rg2+ 50. Kf3 Rh2 51. Kg4 Be7 52. Rh3 Rxh3
53. Kxh3 Ke4 54. Nc3+ Kf3 55. h5 Bg5 56. b4 Ke3 57. Kg4 Bh6 58. Nd5+ Ke4 59.
Nc3+ Kd4 60. Nb5+ Ke3 61. Nd6 f3 62. Nf5+ Ke4 63. Ng3+ Ke3 64. Nf5+ 1/2-1/2

[Event "XXV Memorial Edoardo Crespi A"]
[Site "Milano ITA"]
[Date "2004.12.06"]
[Round "4"]
[White "Rossi, Giampiero"]
[Black "Giannetta, Paolo"]
[Result "1-0"]
[WhiteElo "2022"]
[BlackElo "2104"]
[PlyCount "71"]
[EventDate "2004.12.04"]

1. d4 d6 2. c4 f5 3. Nf3 g6 4. g3 Bg7 5. Bg2 Nf6 6. Nc3 O-O 7. O-O c6 8. b3 Qc7
9. Bb2 e5 10. Qd2 exd4 11. Nxd4 Na6 12. Rad1 Nc5 13. e3 Nfe4 14. Nxe4 fxe4 15.
b4 Nd3 16. Bxe4 Nxb2 17. Qxb2 Bh3 18. Rfe1 Rae8 19. Qc2 Qf7 20. Bg2 Bxg2 21.
Kxg2 Re5 22. f4 Rh5 23. Nf3 Qd7 24. Ng1 a5 25. a3 axb4 26. axb4 b5 27. c5 d5
28. e4 d4 29. Qb3+ Kh8 30. e5 g5 31. e6 Qe7 32. Qf3 g4 33. Qxg4 Rd5 34. Rd3 h5
35. Qe2 h4 36. Nf3 1-0

[Event "XXV Memorial Edoardo Crespi A"]
[Site "Milano ITA"]
[Date "2004.12.06"]
[Round "4"]
[White "Salvador, Roland"]
[Black "Ranola, Yves"]
[Result "1/2-1/2"]
[WhiteElo "2315"]
[BlackElo "2449"]
[PlyCount "37"]
[EventDate "2004.12.04"]

1. c4 g6 2. Nc3 Bg7 3. g3 d6 4. Bg2 Nf6 5. e4 c5 6. Nge2 Nc6 7. d3 O-O 8. h3
Ne8 9. O-O a6 10. Be3 Nd4 11. Kh2 Rb8 12. Qd2 b5 13. Rab1 Nc7 14. Bh6 b4 15.
Bxg7 Kxg7 16. Nd5 Nxe2 17. Qxe2 Ne6 18. Rbe1 Nd4 19. Qd2 1/2-1/2

[Event "XXV Memorial Edoardo Crespi A"]
[Site "Milano ITA"]
[Date "2004.12.06"]
[Round "4"]
[White "Valdivia, Rene"]
[Black "Iudicello, Giovanni"]
[Result "1/2-1/2"]
[WhiteElo "2252"]
[BlackElo "2133"]
[PlyCount "99"]
[EventDate "2004.12.04"]

1. d4 Nf6 2. Nf3 g6 3. Bg5 Bg7 4. Nbd2 d6 5. c3 Nbd7 6. e4 e5 7. Bd3 O-O 8. O-O
Qe7 9. Re1 h6 10. Bh4 Kh7 11. a4 g5 12. Bg3 Nh5 13. Nxe5 dxe5 14. Qxh5 c6 15.
Nc4 a5 16. Ne3 f6 17. h4 Qe8 18. Qe2 Nb6 19. dxe5 fxe5 20. hxg5 hxg5 21. Nf5
Bf6 22. Nd6 Qg6 23. Qe3 Nd7 24. Bc4 Be7 25. Nxc8 Raxc8 26. Rad1 Rc7 27. Rd2 Qf6
28. Red1 Nc5 29. b4 axb4 30. cxb4 Nxa4 31. Rd7 Rxd7 32. Rxd7 b5 33. Qa7 Re8 34.
Be2 Kg6 35. Bg4 Nb2 36. Bf5+ Kf7 37. Qc5 Nc4 38. Rc7 Kf8 39. Rxc6 Qxf5 40. exf5
Bxc5 41. Rxc5 Kf7 42. Rxb5 Kf6 43. Kf1 Kxf5 44. Ke2 Nd6 45. Rb6 Ne4 46. Ke3
Nxg3 47. fxg3 Kg4 48. b5 Kxg3 49. Rg6 Kg4 50. Ke4 1/2-1/2

[Event "XXV Memorial Edoardo Crespi A"]
[Site "Milano ITA"]
[Date "2004.12.06"]
[Round "4"]
[White "Zanetti, Alberto"]
[Black "Sgnaolin, Davide"]
[Result "0-1"]
[WhiteElo "2210"]
[BlackElo "2125"]
[PlyCount "98"]
[EventDate "2004.12.04"]

1. f4 d5 2. Nf3 Nf6 3. b3 Bg4 4. e3 Nbd7 5. Bb2 c6 6. Be2 Bxf3 7. Bxf3 Qc7 8.
d4 e6 9. Nd2 Bd6 10. g3 O-O 11. O-O a5 12. a3 a4 13. b4 b5 14. e4 dxe4 15. Nxe4
Nxe4 16. Bxe4 Nf6 17. Bf3 Rfd8 18. Qe2 Nd5 19. Rae1 Nb6 20. Qe4 Rac8 21. Be2
Bf8 22. c4 bxc4 23. Rc1 g6 24. Bxc4 Nxc4 25. Rxc4 Rd5 26. Rfc1 Qb6 27. R1c2 Bg7
28. Kg2 h5 29. h4 Qb7 30. Bc1 Rxd4 31. Rxd4 Bxd4 32. Kh2 Bf6 33. Be3 Qb5 34.
Qc4 Rd8 35. Qxc6 Qd3 36. Bc1 Qb3 37. Qg2 Rd3 38. Rc8+ Kg7 39. Qf2 Bd4 40. Qg2
Rf3 41. Rd8 Rf2 42. Rxd4 Rxg2+ 43. Kxg2 Qc3 44. Rd2 Qxc1 45. Ra2 Qc3 46. Kh3
Qb3 47. Ra1 Qb2 48. Rd1 Qxa3 49. b5 Qb3 0-1

[Event "XXV Memorial Edoardo Crespi A"]
[Site "Milano ITA"]
[Date "2004.12.07"]
[Round "5"]
[White "Aranovitch, Emiliano"]
[Black "Bevilacqua, Maurizio"]
[Result "0-1"]
[WhiteElo "2304"]
[BlackElo "2165"]
[PlyCount "86"]
[EventDate "2004.12.04"]

1. e4 c5 2. Nf3 e6 3. c3 d5 4. exd5 Qxd5 5. d4 Nf6 6. Bd3 Nc6 7. O-O Be7 8. Be3
cxd4 9. cxd4 O-O 10. Nc3 Qa5 11. a3 a6 12. b4 Qd8 13. Rc1 Nd5 14. Nxd5 exd5 15.
Ne5 Nxe5 16. dxe5 a5 17. Rb1 axb4 18. axb4 Be6 19. f4 d4 20. Bc1 f5 21. exf6
Bxf6 22. Qh5 h6 23. Qg6 Re8 24. Re1 Kf8 25. Bd2 Bf7 26. Qh7 Qd5 27. b5 Re3 28.
Bxe3 dxe3 29. Qe4 Bc3 30. Re2 Bd2 31. Qxd5 Bxd5 32. Rd1 Ra2 33. h3 Bb3 34. Rb1
Bd5 35. Rd1 Kf7 36. Kh2 Ra4 37. f5 Ra2 38. Kg1 Kf6 39. Kf1 Ke5 40. Rdxd2 Rxd2
41. Rxe3+ Kf4 42. Re7 Rxd3 43. Rxg7 Kxf5 0-1

[Event "XXV Memorial Edoardo Crespi A"]
[Site "Milano ITA"]
[Date "2004.12.07"]
[Round "5"]
[White "Astengo, Marcello"]
[Black "Di Donato, Giovanni"]
[Result "1-0"]
[WhiteElo "2032"]
[BlackElo "2142"]
[PlyCount "34"]
[EventDate "2004.12.04"]

1. d4 d5 2. c4 c6 3. Nc3 Nf6 4. Bf4 a6 5. e3 b5 6. cxd5 cxd5 7. Bd3 Bb7 8. Nf3
e6 9. O-O Nbd7 10. Rc1 Nh5 11. Bc7 Qe7 12. Ba5 g6 13. Ne2 Qd6 14. Rc7 Rb8 15.
Qc2 Be7 16. Rxb7 O-O 17. Bc7 Rfc8 1-0

[Event "XXV Memorial Edoardo Crespi A"]
[Site "Milano ITA"]
[Date "2004.12.07"]
[Round "5"]
[White "Barlocco, Carlo"]
[Black "Nardelli, Marco"]
[Result "1/2-1/2"]
[WhiteElo "2108"]
[BlackElo "1999"]
[PlyCount "190"]
[EventDate "2004.12.04"]

1. d4 Nf6 2. Nf3 e6 3. Bf4 b6 4. e3 Ba6 5. Bxa6 Nxa6 6. O-O Be7 7. h3 O-O 8. c4
c6 9. Nc3 d5 10. Qa4 Nb4 11. Ne5 dxc4 12. a3 b5 13. Qd1 Nbd5 14. Nxc6 Qb6 15.
Nxd5 Nxd5 16. Nxe7+ Nxe7 17. Qg4 a5 18. Rfc1 Rac8 19. Bg5 f6 20. Bf4 Ng6 21.
Bg3 b4 22. axb4 axb4 23. Qe2 c3 24. bxc3 bxc3 25. Rab1 Qa5 26. Rb5 Qa3 27. Qc2
f5 28. Rb3 Qe7 29. Rxc3 Rxc3 30. Qxc3 f4 31. exf4 Nxf4 32. Bxf4 Rxf4 33. Qe3
Rf8 34. Re1 Rd8 35. Qb3 Rd6 36. d5 e5 37. f4 Qa7+ 38. Kh2 exf4 39. Re8+ Kf7 40.
Rb8 Qe3 41. Qb7+ Kg6 42. Qb1+ Kh6 43. Rb3 Qe5 44. Rf3 Rxd5 45. Qb6+ g6 46. Qf2
Rd4 47. Qh4+ Kg7 48. Qg4 h5 49. Qc8 g5 50. Qb7+ Kh6 51. Qc6+ Rd6 52. Qc1 Rf6
53. Qc8 Rf7 54. Qg8 Rg7 55. Qf8 Kh7 56. h4 g4 57. Qxf4 Qe7 58. Qf5+ Kg8 59.
Qc8+ Kh7 60. Qf5+ Kg8 61. Qd5+ Kh8 62. Qxh5+ Kg8 63. Rg3 Qc7 64. Qd5+ Kh7 65.
Qe4+ Kh6 66. Qe3+ Kh5 67. Qf2 Kxh4 68. Qf6+ Kh5 69. Qf5+ Rg5 70. Qf6 Rg6 71.
Qc3 Qf4 72. Qe3 Qc7 73. Qc3 Rc6 74. Qh8+ Rh6 75. Qc3 Rc6 76. Qh8+ Rh6 77. Qc3
Kg5+ 78. Kg1 Qb6+ 79. Qe3+ Qxe3+ 80. Rxe3 Kf4 81. Kf2 Rh2 82. Ra3 Rh1 83. Ra4+
Kf5 84. Kg3 Rb1 85. Rf4+ Kg5 86. Rxg4+ Kh5 87. Ra4 Rb2 88. Ra5+ Kg6 89. Kh3 Rb1
90. Kh4 Rb6 91. g4 Rc6 92. Rg5+ Kh6 93. Rg8 Kh7 94. Re8 Kg6 95. Re4 Rb6 1/2-1/2

[Event "XXV Memorial Edoardo Crespi A"]
[Site "Milano ITA"]
[Date "2004.12.07"]
[Round "5"]
[White "Bernago, Federico"]
[Black "Castellano, Fabio Marco"]
[Result "1/2-1/2"]
[WhiteElo "1999"]
[BlackElo "1911"]
[PlyCount "35"]
[EventDate "2004.12.04"]

1. e4 c5 2. c3 d5 3. exd5 Qxd5 4. d4 g6 5. Be3 cxd4 6. Qxd4 Qxd4 7. Bxd4 Nf6 8.
Bb5+ Bd7 9. Bxd7+ Nbxd7 10. f4 Bh6 11. g3 O-O 12. Nf3 Rfe8 13. O-O Nd5 14. Na3
Bg7 15. Bxg7 Kxg7 16. Rfe1 a6 17. Nc4 b5 18. Ne3 1/2-1/2

[Event "XXV Memorial Edoardo Crespi A"]
[Site "Milano ITA"]
[Date "2004.12.07"]
[Round "5"]
[White "Bosi, Clint"]
[Black "Brunelli, Giovanni"]
[Result "1/2-1/2"]
[WhiteElo "1990"]
[BlackElo "1978"]
[PlyCount "127"]
[EventDate "2004.12.04"]

1. e4 c5 2. Nf3 Nc6 3. d4 cxd4 4. Nxd4 Nf6 5. Nc3 Qc7 6. Bg5 Nxd4 7. Qxd4 e5 8.
Nb5 Qa5+ 9. Qd2 Qxd2+ 10. Bxd2 Kd8 11. Bg5 a6 12. Nc3 Bb4 13. Bxf6+ gxf6 14.
Kd2 Ke7 15. a3 Bxc3+ 16. Kxc3 d6 17. Bd3 Be6 18. b3 Rac8+ 19. Kb2 Rhg8 20. Rhg1
Rg5 21. Rad1 Rcg8 22. g3 f5 23. exf5 Bxf5 24. Bxf5 Rxf5 25. Rd2 Rh5 26. Rgd1
Rg6 27. f4 exf4 28. gxf4 Rgh6 29. Re2+ Re6 30. Rf2 Reh6 31. Rdd2 Rf6 32. Rd4
Rh4 33. Rb4 b5 34. a4 bxa4 35. Rxa4 d5 36. Ra5 d4 37. f5 Rd6 38. Kc1 Kf6 39.
Kd2 Rh3 40. b4 Rc3 41. Rc5 Ra3 42. Ra5 Rxa5 43. bxa5 Rd5 44. Kd3 Rxa5 45. Kxd4
Rxf5 46. Rg2 Rf4+ 47. Kc5 a5 48. c4 a4 49. Kb4 Ke5 50. Kxa4 Rxc4+ 51. Kb3 Rh4
52. Kc3 f5 53. Kd3 Rh3+ 54. Ke2 Ra3 55. Rg8 Ra2+ 56. Kf3 Rxh2 57. Re8+ Kf6 58.
Rf8+ Kg6 59. Rg8+ Kf7 60. Ra8 h5 61. Kf4 Rf2+ 62. Kg5 f4 63. Kxh5 Rg2 64. Ra4
1/2-1/2

[Event "XXV Memorial Edoardo Crespi A"]
[Site "Milano ITA"]
[Date "2004.12.07"]
[Round "5"]
[White "Brugo, Marco"]
[Black "Rezzonico, Paolo"]
[Result "1/2-1/2"]
[WhiteElo "1907"]
[BlackElo "2000"]
[PlyCount "62"]
[EventDate "2004.12.04"]

1. d4 Nf6 2. c4 g6 3. Nc3 d5 4. cxd5 Nxd5 5. e4 Nxc3 6. bxc3 Bg7 7. Bc4 O-O 8.
Ne2 c5 9. O-O Nc6 10. Be3 Qc7 11. Qc1 Rd8 12. Rd1 a6 13. a4 Na5 14. Ba2 Bd7 15.
dxc5 Bxa4 16. Bxf7+ Kxf7 17. Rxa4 Nb3 18. Qb1 Nxc5 19. Rc4 b6 20. Nd4 Qe5 21.
Qxb6 Nxe4 22. Qb3 Qd5 23. f3 Nd6 24. Rc7 Qxb3 25. Nxb3 Nb5 26. Rxd8 Rxd8 27.
Rc6 Rd3 28. Bd2 Bxc3 29. Bxc3 Rxc3 30. Rxc3 Nxc3 31. Kf2 Ke6 1/2-1/2

[Event "XXV Memorial Edoardo Crespi A"]
[Site "Milano ITA"]
[Date "2004.12.07"]
[Round "5"]
[White "Brunello, Sabino"]
[Black "Gabetto, Flaviano"]
[Result "1-0"]
[WhiteElo "2258"]
[BlackElo "2128"]
[PlyCount "65"]
[EventDate "2004.12.04"]

1. e4 e6 2. d4 d5 3. e5 c5 4. c3 Nc6 5. Nf3 Bd7 6. a3 c4 7. Bf4 Nge7 8. Nbd2
Ng6 9. Be3 f6 10. exf6 Qxf6 11. g3 Bd6 12. Bg2 O-O 13. O-O b5 14. Qe2 a5 15. b3
a4 16. b4 h6 17. Rfe1 Rae8 18. Qd1 Kh8 19. Nf1 e5 20. dxe5 Ngxe5 21. Nxe5 Bxe5
22. Qxd5 Rd8 23. Bb6 Bxc3 24. Bxd8 Qxf2+ 25. Kh1 Bxa1 26. Rxa1 Rxd8 27. Qxb5
Nd4 28. Qxc4 Nf3 29. Qc5 Nd4 30. Qe7 Nf3 31. Qxd8+ Kh7 32. Nd2 Bc6 33. Nxf3 1-0